La Cerámica pintada de Cortes de Navarra / J. Maluquer de Motes
Descripción Física:
p. 835-840 ; 24cm
Materias:
Prehistòria -- Península Ibèrica
MARC
| LEADER | 00000nam a2200000Ia 4500 | ||
|---|---|---|---|
| 001 | 17319 | ||
| 008 | 160829s9999 xx 000 0 cat d | ||
| 080 | |a FU-47-16 | ||
| 100 | 1 | |a Maluquer de Motes, Joan, |d 1915-1988 |9 30020 | |
| 245 | |a La Cerámica pintada de Cortes de Navarra / J. Maluquer de Motes | ||
| 260 | |a Zaragoza: |b Librería General 1956 | ||
| 300 | |a p. 835-840 ; |c 24cm | ||
| 590 | |a Separata de la Crónica del Congreso Internacional de Ciencias Prehistóricas y Protohistóricas (IV : 1954 : Madrid). | ||
| 590 | |a Prové de R.168 del currículum per la plaça de conservador del Museu Arqueològic, 1957 | ||
| 650 | |a Prehistòria |x Península Ibèrica |9 31675 | ||
| 901 | |a Arxiu | ||
| 942 | |n 1 | ||
| 952 | |0 0 |1 0 |4 0 |6 FU4716 |7 1 |9 53324 |a Arxiu |b Arxiu |d 2016-12-01 |l 0 |o FU-47-16 |p 17319 |r 2016-12-01 00:00:00 |w 2016-12-01 |y ARXIU | ||
| 999 | |c 57189 |d 57189 | ||